[Event "Olympiad Women 2024"]
[Site "Budapest HUN"]
[Date "2024.09.19"]
[Round "8.16"]
[Board "4"]
[White "Makropoulou, Marina"]
[Black "Behzad Nazif, Parva"]
[Result "1/2-1/2"]
[WhiteElo "2103"]
[BlackElo "2092"]
[PlyCount "78"]
[EventDate "2024.09.11"]
[WhiteTeam "Greece"]
[BlackTeam "Iran"]
[WhiteTeamCountry "GRE"]
[BlackTeamCountry "IRI"]

1. e4 c5 2. Nf3 d6 3. d4 cxd4 4. Nxd4 Nf6 5. Nc3 a6 6. Be3 e5 7. Nb3 Be7 8. h3 h6 ({RR} 8... O-O 9. g4 Be6 10. g5 Nfd7 11. h4 Nb6 12. f4 exf4 13. Bxf4 d5 14. Qf3 Nc6 15. O-O-O d4 16. Be3 Bxb3 17. axb3 Bc5 18. Bf4 Re8 19. h5 Ne5 20. Qg3 Qc7 21. Nd5 Nxd5 22. exd5 Bd6 23. Kb1 {1-0 Carlsen,M (2862)-Firouzja,A (2749) Magnus-Alireza Bullet blitz 2021 (15)}) 9. Qd2 Be6 ({RR} 9... Qc7 10. a4 Be6 11. Nd5 Bxd5 12. exd5 Nbd7 13. a5 O-O 14. Be2 Ne4 15. Qd3 f5 16. g4 Rac8 17. c3 Ndc5 18. Nxc5 Nxc5 19. Qc2 e4 20. gxf5 Bf6 21. Rg1 Kh8 22. Rg4 Rce8 23. Ra3 Re5 24. b4 {½-½ Bharath,S (2545)-Ter Sahakyan,S (2652) Dubai Police Open A 2024 (8.11)}) 10. O-O-O b5 $146 ({RR} 10... Nbd7 11. g4 Rc8 12. Kb1 b5 13. f4 exf4 14. Bxf4 Ne5 15. Nd5 Nxd5 16. exd5 Bd7 17. Bd3 Bf6 18. Nd4 O-O 19. Rhf1 Re8 20. Nf3 Nxd3 21. Qxd3 b4 22. Nd4 Rc5 23. Qf3 Bxd4 24. Rxd4 Bb5 25. Rc1 {0-1 Moussard,J (2632)-Ter Sahakyan,S (2615) EU-chT 23rd Terme Catez 2021 (5.4)}) ({RR} 10... Nbd7 11. Kb1 b5 12. f4 Rc8 13. g4 Bc4 14. Qg2 b4 15. Nd5 Nxd5 16. exd5 exf4 17. Bxf4 Bxb3 18. cxb3 Nc5 19. h4 Qd7 20. Qf3 a5 21. Bh3 g5 22. Be3 a4 23. Bd4 axb3 24. axb3 f6 25. Rde1 {1-0 Libiszewski,F (2526)-Naumann,A (2543) Bundesliga 1920 2019 (12.7)}) ({RR} 10... Nbd7 11. g4 Rc8 12. f4 b5 13. Kb1 Qc7 14. g5 hxg5 15. fxg5 Nh5 16. Rh2 Nb6 17. g6 O-O 18. gxf7+ Rxf7 19. Bxb6 Qxb6 20. Be2 Ng3 21. Rg2 Nxe2 22. Qxe2 Rcf8 23. Nd5 Bxd5 24. Rxd5 Rf2 25. Rxf2 {0-1 Kejna,P (1940)-Kenneskog,T (2346) 34th Czech Open A 2023 (8.32)}) 11. f3 Nbd7 12. Kb1 Nb6 13. Qf2 Nc4 14. Bxc4 Bxc4 15. Bb6 Qc8 16. Na5 Be6 17. Nd5 Bxd5 18. exd5 O-O 19. g4 Bd8 20. h4 h5 21. g5 Nd7 22. Bxd8 Qxd8 23. Nc6 Qc7 24. f4 g6 25. fxe5 Nxe5 26. Nxe5 dxe5 27. d6 Qd7 28. Rhe1 Qe6 29. Qc5 e4 30. Qd4 Rad8 31. d7 f5 32. gxf6 Rxf6 33. a3 Rf7 34. Qxe4 Qxe4 35. Rxe4 Rfxd7 36. Rxd7 Rxd7 37. a4 Kf7 38. axb5 axb5 39. Ka2 Rd5 1/2-1/2

[Event "Olympiad Women 2024"]
[Site "Budapest HUN"]
[Date "2024.09.19"]
[Round "8.17"]
[Board "1"]
[White "Rivera, Ingris"]
[Black "Efroimski, Marsel"]
[Result "0-1"]
[WhiteElo "2171"]
[BlackElo "2408"]
[PlyCount "110"]
[EventDate "2024.09.11"]
[WhiteTeam "Colombia"]
[BlackTeam "Israel"]
[WhiteTeamCountry "COL"]
[BlackTeamCountry "ISR"]

1. d4 Nf6 2. Nf3 e6 3. g3 b5 4. Bg2 Bb7 5. O-O c5 6. c3 Be7 7. a4 b4 8. dxc5 Bxc5 9. cxb4 Bxb4 10. Nc3 O-O 11. Bf4 d5 12. Nb5 Nc6 13. Qb3 $146 ({RR} 13. Ne5 Nd7 14. Nxc6 Bxc6 15. Qb3 a5 16. Rfc1 Bxb5 17. axb5 Nc5 18. Qe3 Qb6 19. Be5 h6 20. Bd4 Rac8 21. Bh3 Qxb5 22. Qe5 f6 23. Bxe6+ Kh8 24. Qh5 Nxe6 25. Rxc8 Rxc8 26. Bxf6 gxf6 27. Qxh6+ Kg8 {0-1 Pavlin,D (2064)-Bodi,T (2244) Split op 9th 2019 (9)}) 13... Qe7 14. Rac1 Ne4 15. Rfd1 Bc5 16. Be3 Bb4 17. Nfd4 Na5 18. Qa2 a6 19. Na3 f5 20. Nb3 Nxb3 21. Qxb3 Bd6 22. Bb6 Rab8 23. a5 Nc5 24. Qe3 Na4 25. Rc2 Rbc8 26. Rdc1 Nxb2 27. Nb1 Na4 28. Bd4 Rxc2 29. Rxc2 Rc8 30. Rxc8+ Bxc8 31. Nd2 Nc5 32. Qc3 Qc7 33. Qa1 Bb7 34. e3 Nd3 35. Bf1 Ne5 36. f4 Nc4 37. Nb3 h6 38. Bd3 Qc6 39. Kf2 Bf8 40. h3 Qb5 41. Qa2 Qb4 42. g4 fxg4 43. hxg4 Be7 44. Ke2 Bc8 45. f5 e5 46. Ba1 e4 47. Bxc4 Qxc4+ 48. Kf2 Bd7 49. Qb2 Bf6 50. Nd4 Bb5 51. Qb1 Bxd4 52. Bxd4 Qe2+ 53. Kg3 Qf3+ 54. Kh2 Qf2+ 55. Kh1 Be2 0-1

[Event "Olympiad Women 2024"]
[Site "Budapest HUN"]
[Date "2024.09.19"]
[Round "8.17"]
[Board "2"]
[White "Orian, Noga"]
[Black "Argote Heredia, Valentina"]
[Result "1-0"]
[WhiteElo "2187"]
[BlackElo "2144"]
[PlyCount "131"]
[EventDate "2024.09.11"]
[WhiteTeam "Israel"]
[BlackTeam "Colombia"]
[WhiteTeamCountry "ISR"]
[BlackTeamCountry "COL"]

1. d4 Nf6 2. c4 e6 3. Nf3 Bb4+ 4. Bd2 a5 5. Qc2 d6 6. Nc3 Nc6 7. g3 e5 8. d5 Nb8 9. Bg2 O-O 10. O-O Qe7 $146 ({RR} 10... Nbd7 11. e4 Nc5 12. Rae1 Bd7 13. Nh4 Ne8 14. Nf5 Rb8 15. f4 f6 16. a3 Bxc3 17. Bxc3 a4 18. Rf2 Nb3 19. Ref1 Bxf5 20. exf5 Qd7 21. fxe5 fxe5 22. g4 Qe7 23. Qe2 Qg5 24. Be4 h5 25. Rg2 {0-1 Priehoda,V (2400)-Horvath,G (2455) HUN-chT Hungary 1995}) 11. Nh4 Ne8 12. e4 c6 13. Na4 Bxd2 14. Qxd2 Ra6 15. b3 g6 16. Rae1 b5 17. Nb2 b4 18. Kh1 c5 19. Qh6 Nf6 20. f3 Kh8 21. Qd2 Nh5 22. Nd3 a4 23. f4 exf4 24. Nxf4 Nxf4 25. Rxf4 g5 26. Nf5 Bxf5 27. Rxf5 f6 28. e5 dxe5 29. Be4 Nd7 30. Qg2 axb3 31. axb3 Kg7 32. h4 h6 33. Ref1 Ra3 34. Qf3 Ra6 35. Qg4 Rh8 36. Kg1 Rf8 37. Bc2 Rfa8 38. Bb1 e4 39. Bxe4 Ne5 40. Qh5 Qe8 41. hxg5 Qxh5 42. gxf6+ Rxf6 43. Rxh5 Rxf1+ 44. Kxf1 Nf7 45. Bc2 Ra1+ 46. Ke2 Rg1 47. Kf3 Ng5+ 48. Kf4 Rg2 49. Bd1 Rd2 50. Rh1 Rd4+ 51. Ke5 Rd3 52. g4 Nf7+ 53. Ke6 Ng5+ 54. Kd7 Kf6 55. Rxh6+ Ke5 56. Rh1 Kd4 57. Rf1 Kc3 58. Kc6 Kd4 59. d6 Ke5 60. Re1+ Kf6 61. Bc2 Rd2 62. Be4 Ra2 63. d7 Ne6 64. Bd5 Nd8+ 65. Kc7 Ra7+ 66. Kxd8 1-0

[Event "Olympiad Women 2024"]
[Site "Budapest HUN"]
[Date "2024.09.19"]
[Round "8.17"]
[Board "3"]
[White "Mogollon Tobar, Nicolle Julieth"]
[Black "Levitan, Ronit"]
[Result "1-0"]
[WhiteElo "2045"]
[BlackElo "2137"]
[PlyCount "51"]
[EventDate "2024.09.11"]
[WhiteTeam "Colombia"]
[BlackTeam "Israel"]
[WhiteTeamCountry "COL"]
[BlackTeamCountry "ISR"]

1. e4 e5 2. Nf3 Nc6 3. Bc4 Bc5 4. c3 Nf6 5. d3 d6 6. Nbd2 O-O 7. O-O a5 8. h3 Ba7 9. Re1 Ne7 10. Nf1 Ng6 11. Bb3 Be6 12. Bc2 h6 $146 ({RR} 12... Nh5 13. d4 Nhf4 14. Ng3 exd4 15. cxd4 d5 16. e5 f6 17. Bxf4 Nxf4 18. Qd2 fxe5 19. Rxe5 g6 20. Rae1 Qf6 21. Bf5 Bxf5 22. Nxf5 Nxh3+ 23. gxh3 gxf5 24. Re6 Qg7+ 25. Kh2 Rf6 26. Re7 Rf7 27. Rxf7 {1-0 Andriasian,Z (2581)-Harutyunyan,T (2523) 84th ch-ARM HL 2024 (5.4)}) 13. Ng3 d5 14. exd5 Nxd5 15. d4 exd4 16. Bxg6 fxg6 17. Rxe6 dxc3 18. Rxg6 Kh8 19. Qc2 Rf6 20. bxc3 Qf8 21. Rxf6 Qxf6 22. Bb2 Qd6 23. Nf5 Qg6 24. N3h4 Qg5 25. c4 Nf6 26. Ne7 1-0

[Event "Olympiad Women 2024"]
[Site "Budapest HUN"]
[Date "2024.09.19"]
[Round "8.17"]
[Board "4"]
[White "Kochavi, Dana"]
[Black "Lopez Rayo, Isabella"]
[Result "1-0"]
[WhiteElo "2009"]
[BlackElo "1952"]
[PlyCount "91"]
[EventDate "2024.09.11"]
[WhiteTeam "Israel"]
[BlackTeam "Colombia"]
[WhiteTeamCountry "ISR"]
[BlackTeamCountry "COL"]

1. e4 e5 2. Nf3 Nc6 3. Bb5 f5 4. Nc3 fxe4 5. Nxe4 Nf6 6. Nxf6+ Qxf6 7. Qe2 Be7 8. Bxc6 bxc6 9. Nxe5 Qe6 10. d4 O-O 11. Qc4 d6 12. Qxe6+ Bxe6 13. Nxc6 Bh4 $146 ({RR} 13... Bf6 14. O-O Bd5 15. Nb4 Bc4 16. Rd1 a5 17. Nd3 Bxd4 18. Be3 Bf6 19. c3 a4 20. Nb4 a3 21. b3 Bxc3 22. bxc4 Bxb4 23. Rab1 Ra4 24. g3 Re8 25. Rd5 Re4 26. c5 Kf7 27. h4 Ke6 28. Rg5 {½-½ Fier,A (2620)-Sasata,R (2367) Victoria Grand Pacific op 10th 2016 (3)}) 14. g3 Bd5 15. Rg1 Rae8+ 16. Be3 Bxc6 17. gxh4 Rf4 18. d5 Bb5 19. O-O-O Rxh4 20. Bxa7 Rxh2 21. b3 Be2 22. Rde1 Rh5 23. Bd4 g6 24. c4 Rh4 25. Be3 Bf3 26. Bg5 Rhe4 27. Rxe4 Bxe4 28. Re1 Kf7 29. a4 Bf5 30. Rxe8 Kxe8 31. a5 Bc8 32. b4 Bb7 33. b5 h5 34. Kd2 Kd7 35. a6 Bc8 36. Ke3 Ke8 37. Kf4 Kd7 38. Bf6 Ke8 39. Kg5 Kf7 40. Bd8 Ke8 41. Bxc7 Ke7 42. f4 Kd7 43. Bb6 Ke7 44. Kxg6 h4 45. Bg1 h3 46. f5 1-0

[Event "Olympiad Women 2024"]
[Site "Budapest HUN"]
[Date "2024.09.19"]
[Round "8.18"]
[Board "1"]
[White "Ryjanova, Julia"]
[Black "Ouellet, Maili-Jade"]
[Result "0-1"]
[WhiteElo "2255"]
[BlackElo "2318"]
[PlyCount "108"]
[EventDate "2024.09.11"]
[WhiteTeam "Australia"]
[BlackTeam "Canada"]
[WhiteTeamCountry "AUS"]
[BlackTeamCountry "CAN"]

1. d4 Nf6 2. c4 e6 3. g3 d5 4. Nf3 dxc4 5. Bg2 c6 6. O-O b5 7. a4 Bb7 8. Ne5 a6 9. axb5 axb5 10. Rxa8 Bxa8 11. Nc3 Qb6 ({RR} 11... Be7 12. Nxb5 cxb5 13. Bxa8 O-O 14. Bf3 Nd5 15. h4 Qc7 16. Bd2 Bf6 17. e4 Bxe5 18. dxe5 Ne7 19. Bb4 Nbc6 20. Bd6 Qb6 21. b3 Ra8 22. bxc4 bxc4 23. Qc1 Ng6 24. Qxc4 Ncxe5 25. Bxe5 Nxe5 26. Qc3 {½-½ Topalov,V (2796)-Ivanchuk,V (2779) Amber-blindfold 18th rapid 2009 (7)}) 12. e4 ({RR} 12. b3 cxb3 13. Qxb3 Qxd4 14. Bf4 Qb4 15. Qc2 Nbd7 16. Nxc6 Qc5 17. Be3 Qf5 18. Qxf5 exf5 19. Nxb5 Bxc6 20. Bxc6 Be7 21. Nc7+ Kd8 22. Nb5 Bc5 23. Bf4 Ke7 24. Rc1 Rc8 25. Bb7 Rg8 26. Bf3 g5 {½-½ Perez Guerra,R (2240)-Van Baar,E (2208) Titled Tue 30th Jan Late 2024 (2)}) 12... Be7 13. Be3 Qa6 $146 ({RR} 13... Qd8 14. Qa1 Nbd7 15. Qa7 O-O 16. Ra1 b4 17. Ne2 Nxe5 18. dxe5 Ng4 19. Bb6 Qd2 20. Bf1 Qxb2 21. Ra2 Qb1 22. Ra1 Qxe4 23. Qxe7 c5 24. Rxa8 Rxa8 25. Bd8 h6 26. Qe8+ Kh7 27. h3 Nxe5 28. Nf4 {0-1 Gauri,S (2351)-Han,Y (2413) Titled Tue 1st Aug Early 2023 (11)}) ({RR} 13... O-O 14. d5 c5 15. Ng4 exd5 16. exd5 Nbd7 17. Bg5 Bd8 18. Re1 Nxg4 19. Qxg4 Bxg5 20. Qxd7 b4 21. Ne4 Qd8 22. Qxd8 Bxd8 23. Nxc5 Bf6 24. Nd7 Rd8 25. Nxf6+ gxf6 26. Rc1 Bxd5 27. Bxd5 Rxd5 28. Rxc4 {1-0 Ciolacu,A (2241)-Petrenko,S (2018) EU-ch (Women) 21st 2021 (6)}) ({RR} 13... O-O 14. Qc2 Qc7 15. Rd1 Nbd7 16. Nxd7 Qxd7 17. f3 Rd8 18. Ne2 c5 19. Qc3 cxd4 20. Rxd4 Qc8 21. Rxd8+ Qxd8 22. Nd4 Qb6 23. b3 Bc5 24. bxc4 b4 25. Qa1 Bb7 26. Kf2 b3 27. Qb2 e5 28. Nf5 {0-1 De Freitas,J (1822)-Ikejiri,D (1997) Sao Paulo Carnaval op 2019 (4)}) 14. Qe2 Bb7 15. Rd1 O-O 16. Qf1 Qa8 17. Bg5 Re8 18. Ra1 Na6 19. Qd1 Qc8 20. Qf3 b4 21. Ne2 c5 22. Bxf6 gxf6 23. Qg4+ Kf8 24. Nxc4 cxd4 25. Na5 d3 26. Nxb7 Qxb7 27. Nf4 d2 28. Rd1 Rc8 29. Rxd2 Rc1+ 30. Rd1 Qc7 31. Bf1 Rxd1 32. Qxd1 Nc5 33. Qh5 Bd6 34. Qh6+ Ke7 35. Nh5 Be5 36. Qd2 Qa5 37. Qe2 Bd4 38. Nf4 Qa2 39. Nd3 Nxd3 40. Qxd3 Qxb2 41. Qe2 Qxe2 42. Bxe2 Kd6 43. Bc4 Bb6 44. Kf1 Kc5 45. Ba2 Kd4 46. Ke2 Kc3 47. Bb1 b3 48. Bd3 Bxf2 49. g4 Bh4 50. e5 fxe5 51. Bxh7 Kd4 52. Kd1 e4 53. Bg8 b2 54. Kc2 e3 0-1

[Event "Olympiad Women 2024"]
[Site "Budapest HUN"]
[Date "2024.09.19"]
[Round "8.70"]
[White "Li, Yunshan"]
[Black "Zhang, Jilin"]
[Result "1/2-1/2"]
[WhiteElo "2268"]
[BlackElo "2155"]
[PlyCount "80"]
[EventDate "2024.09.11"]
[WhiteTeam "Canada"]
[BlackTeam "Australia"]
[WhiteTeamCountry "CAN"]
[BlackTeamCountry "AUS"]

1. Nf3 Nf6 2. b3 d5 3. Bb2 e6 4. e3 Be7 5. c4 O-O 6. Be2 b6 7. cxd5 Nxd5 8. O-O Bb7 9. a3 ({RR} 9. d4 Nd7 10. Nbd2 c5 11. Rc1 Rc8 12. Nc4 b5 13. Nce5 Nxe5 14. Nxe5 b4 15. Bf3 Bf6 16. Ng4 Ba6 17. Re1 Qe7 18. Nxf6+ Qxf6 19. Qd2 c4 20. bxc4 Bxc4 21. a3 a5 22. axb4 Nxb4 23. Rc3 Qg5 {1-0 Nikitenko,M (2529)-Popov,M (2342) TCh-RUS Premier 2024 (6.26)}) 9... c5 10. Nc3 $146 ({RR} 10. d3 Bf6 11. Qc2 Nd7 12. Nbd2 Bxb2 13. Qxb2 Rc8 14. Rfc1 Qe7 15. Rc2 Nb8 16. Rac1 Nc6 17. Bf1 h6 18. Nc4 Rfd8 19. Nfd2 b5 20. Ne5 Nxe5 21. Qxe5 f6 22. Qa1 Nb6 23. a4 b4 24. a5 Nd7 {1-0 Dittmar,P (2349)-Pieper,H (2151) Seefeld op 14th 2003 (2)}) ({RR} 10. d3 Nc6 11. Nbd2 Bf6 12. Qc2 Bxb2 13. Qxb2 Qf6 14. Qxf6 gxf6 15. Rac1 Rfd8 16. Rfd1 Rd7 17. Nc4 Rad8 18. Kf1 Kf8 19. g3 Ke7 20. Ncd2 Nc7 21. Rc4 Ba6 22. Rh4 Bxd3 23. Rxh7 Bxh7 {0-1 Ross,S (2011)-Arvind,C (2224) Titled Tuesday intern op 2nd July blitz 2019 (2)}) ({RR} 10. d3 Bf6 11. Ra2 Nc6 12. Qc1 Bxb2 13. Rxb2 Qf6 14. Rc2 Rac8 15. Nbd2 Rfd8 16. Rd1 Qg6 17. Bf1 h6 18. Nc4 Nf6 19. Qb2 Qh5 20. Be2 Qg6 21. Rdc1 Nd5 22. Nfe5 Nxe5 23. Nxe5 Qg5 24. Bf3 Ba6 {1-0 Rambaldi,F (2385)-Litvinov,M (2144) Wch U14 Al Ain 2013 (6)}) 10... Nc6 11. Rc1 Bf6 12. Qc2 Nxc3 13. Bxc3 Qe7 14. Qb2 Bxc3 15. Qxc3 Rfd8 16. Rfd1 Rac8 17. Ne1 h6 18. Bd3 Rd7 19. Qc2 Rcd8 20. Be4 Na5 21. Bxb7 Nxb7 22. d3 e5 23. Rd2 e4 24. Rcd1 exd3 25. Rxd3 Rxd3 26. Rxd3 Rxd3 27. Qxd3 Nd6 28. Qd5 Qe6 29. Qxe6 fxe6 30. Kf1 c4 31. bxc4 Nxc4 32. Nc2 Kf7 33. Ke2 Ke7 34. f4 Kd6 35. Kd3 b5 36. Kc3 Kd5 37. Kd3 Nb2+ 38. Kc3 Nc4 39. Kd3 Nb2+ 40. Kc3 Nc4 1/2-1/2

[Event "Olympiad Women 2024"]
[Site "Budapest HUN"]
[Date "2024.09.19"]
[Round "8.18"]
[Board "3"]
[White "Shen, Zhiyuan"]
[Black "Demchenko, Svitlana"]
[Result "0-1"]
[WhiteElo "1969"]
[BlackElo "2167"]
[PlyCount "124"]
[EventDate "2024.09.11"]
[WhiteTeam "Australia"]
[BlackTeam "Canada"]
[WhiteTeamCountry "AUS"]
[BlackTeamCountry "CAN"]

1. e4 d5 2. exd5 Qxd5 3. Nc3 Qd6 4. d4 Nf6 5. Nf3 c6 6. g3 Bg4 7. Bg2 e6 8. O-O Be7 9. Bf4 Qd8 10. h3 Bh5 11. Ne2 ({RR} 11. g4 Bg6 12. Ne5 Nbd7 13. Qe2 Nb6 14. Rad1 Nbd5 15. Bg3 O-O 16. h4 Nxc3 17. bxc3 Nd5 18. Bxd5 exd5 19. h5 Be4 20. f3 f6 21. fxe4 fxe5 22. Bxe5 Bg5 23. Kg2 Qd7 24. Rxf8+ Rxf8 25. Rf1 Re8 {½-½ Zaksaite,S (2210)-Poliakova,V (1981) Swiss Queens Wed #22 2024 (1.8)}) 11... Nbd7 12. c4 O-O 13. a3 a5 $146 ({RR} 13... Re8 14. Re1 Ne4 15. Rc1 Bg6 16. Nc3 Nxc3 17. Rxc3 Rc8 18. Rb3 b6 19. Rbe3 Bf6 20. b4 b5 21. c5 Be7 22. d5 cxd5 23. Nd4 Nxc5 24. bxc5 Bxc5 25. h4 Qb6 26. Be5 Rf8 27. Rb3 a6 28. Re2 {1-0 Vachier Lagrave,M (2760)-Tiviakov,S (2570) FRA-chT Top 16 Gp Haute 2022 (1.3)}) 14. Re1 Qb6 15. Nc3 Rfd8 16. g4 Bg6 17. Qe2 Bf8 18. Red1 Re8 19. Ne5 Nxe5 20. dxe5 Qc7 21. Qd2 Rad8 22. Qe3 Nd7 23. Be4 Nc5 24. Bxg6 hxg6 25. b4 axb4 26. axb4 Na6 27. b5 cxb5 28. cxb5 Nb4 29. Rac1 Rxd1+ 30. Rxd1 Rc8 31. Ne4 Qc2 32. Qf3 Rc4 33. Re1 Nd3 34. Re3 Nxf4 35. Qxf4 Qc1+ 36. Kg2 Bc5 37. Rf3 Qxf4 38. Rxf4 Rb4 39. Kg3 Rxb5 40. Ng5 Be7 41. Nxf7 Rb3+ 42. Kg2 g5 43. Nxg5 Bxg5 44. Rc4 b5 45. Rc8+ Kf7 46. Rc7+ Kg6 47. Rc6 Bf4 48. h4 Bxe5 49. Rxe6+ Bf6 50. Rb6 Kf7 51. g5 Bd4 52. g6+ Ke7 53. Rb7+ Kf6 54. h5 Kg5 55. Rd7 Bf6 56. Rd5+ Kh6 57. f4 b4 58. Rb5 Rb1 59. Kf3 b3 60. Kg4 Rg1+ 61. Kh3 b2 62. Rb8 Kxh5 0-1

[Event "Olympiad Women 2024"]
[Site "Budapest HUN"]
[Date "2024.09.19"]
[Round "8.18"]
[Board "4"]
[White "Golubeva, Oksana"]
[Black "Vincent, Alaina"]
[Result "1/2-1/2"]
[WhiteElo "2119"]
[BlackElo "1976"]
[PlyCount "177"]
[EventDate "2024.09.11"]
[WhiteTeam "Canada"]
[BlackTeam "Australia"]
[WhiteTeamCountry "CAN"]
[BlackTeamCountry "AUS"]

1. d4 Nf6 2. c4 g6 3. Nc3 Bg7 4. e4 d6 5. Be2 O-O 6. Be3 e5 7. d5 a5 8. Nf3 Na6 9. Nd2 h6 ({RR} 9... Nd7 10. Nb3 b6 11. h4 f5 12. h5 f4 13. Bd2 Nf6 14. Nc1 Nc5 15. Qc2 Rf7 16. hxg6 hxg6 17. f3 Nfd7 18. Nd3 Bf6 19. O-O-O Bh4 20. Rdf1 Nxd3+ 21. Bxd3 {½-½ Vallejo Pons,F (2704)-Jones,G (2672) Bundesliga 2122 2022 (10.1)}) ({RR} 9... Nd7 10. O-O Nac5 11. a3 a4 12. Rb1 f5 13. f3 f4 14. Bf2 g5 15. Nb5 Rf7 16. b4 axb3 17. Nxb3 Nxb3 18. Qxb3 b6 19. Ra1 Bf8 20. a4 Rg7 21. Qc3 h5 22. h3 Nf6 23. a5 bxa5 24. Rxa5 {0-1 Koridze,L (2122)-Andrews,T (2217) Titled Tue 14th Feb Early 2023 (11)}) 10. g4 $146 ({RR} 10. O-O Nxe4 11. Ndxe4 f5 12. Bd3 fxe4 13. Nxe4 Bf5 14. a3 g5 15. Qc2 Qd7 16. b3 c6 17. Rac1 cxd5 18. cxd5 Rac8 19. Qd2 Bxe4 20. Bxe4 Qb5 21. Rxc8 Rxc8 22. Qd1 Rc3 23. Qg4 Qe8 24. h4 Nc5 {1-0 Gallardo Garcia,A (2260)-Martinez,D (2260) Caceres schev 1995}) ({RR} 10. a3 Nxe4 11. Ndxe4 f5 12. Qc1 fxe4 13. Bxh6 Nc5 14. Qe3 Qf6 15. Bg5 Qf7 16. O-O Nb3 17. Rad1 Nd4 18. Nxe4 Bf5 19. Bd3 b5 20. f3 bxc4 21. Bxc4 Bc8 22. f4 Nf5 23. Qd3 exf4 24. Rxf4 Be5 {1-0 Guilleux,F (2394)-Trommsdorf,F (2069) Massy op 2010}) 10... Nh7 11. h4 f5 12. gxf5 gxf5 13. f3 f4 14. Bf2 Nf6 15. Nb3 b6 16. Kd2 Nh5 17. Qg1 Kf7 18. Qh2 Bf6 19. Rag1 Bd7 20. Bf1 Qc8 21. Nb5 Be7 22. Nc1 Rg8 23. Rxg8 Kxg8 24. Rg1+ Kh7 25. Nd3 Bf6 26. b3 Be7 27. a3 Bf6 28. Nb2 Nc5 29. Kc3 Na6 30. Na4 Rb8 31. Kb2 Nc5 32. Nac3 Na6 33. Na7 Qe8 34. Bh3 Nc5 35. Kc2 Na6 36. Nc6 Ra8 37. Nb5 Bxh3 38. Qxh3 Qc8 39. Qg2 Qg8 40. Qh2 Qf8 41. Kc3 Kh8 42. Rg4 Kh7 43. Rg2 Qc8 44. Rg1 Qf8 45. Kd2 Qc8 46. Nca7 Qd7 47. Qg2 Ng3 48. Bxg3 Rg8 49. Qh2 fxg3 50. Rxg3 Rxg3 51. Qxg3 Qe7 52. h5 Bg5+ 53. Ke2 Qf7 54. Qg4 Kg7 55. Nc6 Nc5 56. b4 axb4 57. axb4 Nb3 58. Nd8 Qe7 59. Ne6+ Kh8 60. Nxg5 hxg5 61. Qc8+ Kh7 62. Qf5+ Kh8 63. Qc8+ Kh7 64. Qe6 Qg7 65. Qf5+ Kh6 66. Qg4 Nc1+ 67. Kd2 Na2 68. Nc3 Nxb4 69. Ne2 Na6 70. Qe6+ Kh7 71. Ng3 Nc5 72. Qc8 Qd7 73. Qf8 Qa4 74. Qf7+ Kh8 75. Qf6+ Kh7 76. Qg6+ Kh8 77. Qh6+ Kg8 78. Qxg5+ Kh8 79. Qd8+ Kh7 80. Qxc7+ Kh8 81. Qd8+ Kh7 82. Qe7+ Kh8 83. Qf6+ Kh7 84. Qf7+ Kh8 85. Qf6+ Kh7 86. Qg6+ Kh8 87. Qh6+ Kg8 88. Qg5+ Kh8 89. Qh6+ 1/2-1/2

[Event "Olympiad Women 2024"]
[Site "Budapest HUN"]
[Date "2024.09.19"]
[Round "8.19"]
[Board "1"]
[White "Goossens, Hanne"]
[Black "Theissl Pokorna, Regina"]
[Result "1/2-1/2"]
[WhiteElo "2189"]
[BlackElo "2302"]
[PlyCount "87"]
[EventDate "2024.09.11"]
[WhiteTeam "Belgium"]
[BlackTeam "Austria"]
[WhiteTeamCountry "BEL"]
[BlackTeamCountry "AUT"]

1. e4 e5 2. Nf3 Nc6 3. Bc4 Bc5 4. c3 Nf6 5. d4 exd4 6. e5 d5 7. Bb5 Ne4 8. cxd4 Bb6 9. Nc3 O-O 10. Be3 h6 11. O-O ({RR} 11. Qb3 Nxc3 12. bxc3 Bf5 13. O-O Na5 14. Qd1 Nc4 15. Bxc4 dxc4 16. Nd2 Bd3 17. Re1 Qd5 18. Qg4 f5 19. Qg3 Kh7 20. h4 Rae8 21. a4 Ba5 22. Rec1 Re6 23. Qf4 Rg8 24. Qf3 c6 25. Qh5 Rf8 {½-½ Xu,G (2313)-Lee,M (2279) NY IMB President's Day 2024 (1.1)}) 11... Bg4 12. Be2 $146 ({RR} 12. h3 Nxd4 13. Bxd4 Bxf3 14. Qxf3 Bxd4 15. Nxe4 dxe4 16. Qxe4 Bxb2 17. Bd3 g6 18. Bc4 Kg7 19. Rad1 Qe7 20. e6 fxe6 21. Qxb7 Be5 22. Rfe1 Qc5 23. Rd7+ Kh8 24. Rxe5 Qxe5 25. Rxc7 Qe1+ 26. Kh2 Qe5+ {½-½ So,W (2772)-Rapport,R (2763) Saint Louis Blitz 2021 (4)}) 12... f5 13. exf6 Rxf6 14. Rc1 Nxc3 15. Rxc3 Qd6 16. a3 Raf8 17. b4 a6 18. Re1 Bxf3 19. Bxf3 Ne7 20. Bg4 c6 21. g3 Ng6 22. Rc2 a5 23. Rb2 axb4 24. axb4 Kh8 25. b5 c5 26. dxc5 Bxc5 27. Bd4 Bxd4 28. Qxd4 Qb6 29. Rd1 Qxd4 30. Rxd4 Ne5 31. Bd1 Rd6 32. Rbd2 Rfd8 33. Be2 Kg8 34. f4 Ng6 35. Bf3 Ne7 36. Kf2 Kf8 37. g4 Rb6 38. Be2 Rc8 39. Bf1 Rc3 40. Bd3 Rf6 41. Be2 Rb6 42. Bf1 Rf6 43. Be2 Rb6 44. Bf1 1/2-1/2

[Event "Olympiad Women 2024"]
[Site "Budapest HUN"]
[Date "2024.09.19"]
[Round "8.19"]
[Board "2"]
[White "Newrkla, Katharina"]
[Black "Vanduyfhuys, Daria"]
[Result "1-0"]
[WhiteElo "2208"]
[BlackElo "2112"]
[PlyCount "67"]
[EventDate "2024.09.11"]
[WhiteTeam "Austria"]
[BlackTeam "Belgium"]
[WhiteTeamCountry "AUT"]
[BlackTeamCountry "BEL"]

1. e4 c5 2. Nf3 d6 3. d4 cxd4 4. Nxd4 Nf6 5. Nc3 a6 6. h3 e5 7. Nde2 Be7 8. g4 h6 9. Ng3 g6 10. Be3 Be6 11. Bg2 Nbd7 12. Nd5 $146 ({RR} 12. Qd2 Nb6 13. Nd5 Bxd5 14. exd5 Nc4 15. Qb4 Nxe3 16. fxe3 Qc7 17. c4 O-O 18. O-O Rac8 19. b3 Kg7 20. Rf3 Nd7 21. Raf1 Nc5 22. Qd2 a5 23. Kh2 Bh4 24. Rg1 Bxg3+ 25. Rxg3 b6 26. h4 Qe7 {0-1 Schindler,V (2141)-Ostermeyer,P (2307) Regionalliga NW 1415 2014 (8.1)}) ({RR} 12. Qd2 Bf8 13. Nd5 Bxd5 14. exd5 Qc7 15. O-O Bg7 16. a4 Rc8 17. a5 O-O 18. Rfc1 Kh7 19. c4 Nc5 20. Ra3 Ne8 21. b4 Nd7 22. c5 f5 23. gxf5 gxf5 24. Nxf5 Rf6 25. Be4 Kh8 26. Nh4 Nf8 {1-0 Kania,T (1833)-Szukalski,A (1792) 287th YMCA Spring B 2024 (8)}) ({RR} 12. Qd3 b5 13. Nd5 Bxd5 14. exd5 Qb8 15. O-O-O Bd8 16. f4 Bb6 17. Bd2 Qc7 18. Bc3 O-O-O 19. fxe5 Nxe5 20. Bxe5 dxe5 21. d6 Qa7 22. Qc3+ Kb8 23. Rhf1 Bd4 24. Rxd4 exd4 25. Qc7+ Qxc7 26. dxc7+ Kxc7 {1-0 Pulpan,J (2417)-Vanduyfhuys,D (2097) 10th Prague Summer Open 2023 (2.2)}) ({RR} 12. Qd2 h5 13. O-O-O hxg4 14. hxg4 Rxh1 15. Rxh1 Nxg4 16. Rh8+ Nf8 17. Bh3 Bf6 18. Rxf8+ Kxf8 19. Bxg4 Bxg4 20. Nd5 Bg7 21. Nb6 Rb8 22. Nc4 Ke7 23. Ba7 Ra8 24. Bb6 Qd7 25. Qg5+ Bf6 26. Qe3 Qa4 {0-1 Chmielinska,A (2092)-Staszewska,A POL-ch sf (Women) 2000 (1)}) ({RR} 12. a4 Rc8 13. Qd2 Qa5 14. Nd5 Qxd2+ 15. Kxd2 Bd8 16. Ne2 h5 17. Nxf6+ Bxf6 18. Bf3 h4 19. Nc3 Bd8 20. a5 Rc6 21. Nd5 O-O 22. Ra3 Kh7 23. Rha1 f5 24. gxf5 gxf5 25. exf5 Bxf5 26. Nc3 Rc7 {1-0 Erdogmus,Y (2475)-Sarana,A (2685) Titled Tue 27th Jun Early 2023 (4)}) 12... Bxd5 13. exd5 Qa5+ 14. c3 Bd8 15. a4 Rc8 16. Qd2 b5 17. O-O bxa4 18. Bxh6 Qb5 19. g5 Ng8 20. Ne4 Be7 21. f4 Nxh6 22. gxh6 f5 23. Ng5 Rxh6 24. fxe5 Nxe5 25. Rae1 Qd3 26. Qc1 Qg3 27. Nf3 Rxh3 28. Rf2 Nd3 29. Rxe7+ Kxe7 30. Qe3+ Ne5 31. Qa7+ Kf6 32. Nxe5 Rh1+ 33. Kxh1 Qxf2 34. Ng4+ 1-0